Follow That Line: Ferris Bueller's Day Off Quiz Stats

 Plays Quiz Updated Jan 29, 2015

Challenge
Share
Tweet
Embed
Score 0/20 Timer 12:00
2 Plays Today
% Correct
If you don't stop and look around once in a while, you could miss it.
93.6%
If things don't change for him, he's going to marry the first girl he lays.
92.9%
It's a good non-specific symptom. I'm a big believer in it.
91.7%
[To the camera] - If you had access to a car like this, would you take it back right away? Neither would I.
91.6%
I dedicate it to a man who doesn't think he's seen anything good today. Cameron Frye, this one's for you.
91.3%
Cause I'm the nurse who likes to....
90.6%
Does anyone know what Bush called this in 1980? Anyone? Something-d-o-o economics. 'Voodoo' economics.
90%
Yeah, sure. For the first time in his life, he's going to be just fine.
88.8%
A good point there. After all, he was the walrus.
86.6%
Let my Cameron go!
86.1%
% Correct
With your bad knee, Ed, you shouldn't throw anybody. It's true.
85.9%
Here's where Cameron goes berserk.
84.4%
You've been saying that since the fifth grade.
82.6%
Your ass is mine.
81.5%
It is his fault he didn't lock the garage.
81.5%
Ed! You sounded like Dirty Harry just then.
80.1%
I've got to take a stand.
78.8%
It turned out good.
74.6%
Why'd you kick me?
71.7%
Ferris Bueller, you're my hero.
63.1%

You're not logged in!

Compare scores with friends on all Sporcle quizzes.
Join for Free
OR
Log In

You Might Also Like...

Show Comments

Extras

Top Quizzes Today


Score Distribution

Your Account Isn't Verified!

In order to create a playlist on Sporcle, you need to verify the email address you used during registration. Go to your Sporcle Settings to finish the process.

Report this User

Report this user for behavior that violates our Community Guidelines.

Details: